A history of the world since 9/11 / (Record no. 15068)
[ view plain ]
| 000 -LEADER | |
|---|---|
| fixed length control field | 00986cam a2200277 a 4500 |
| 001 - CONTROL NUMBER | |
| control field | 17174403 |
| 005 - DATE AND TIME OF LATEST TRANSACTION | |
| control field | 20170105102910.0 |
| 008 - FIXED-LENGTH DATA ELEMENTS--GENERAL INFORMATION | |
| fixed length control field | 120221s2011 nyu b 001 0 eng |
| 010 ## - LIBRARY OF CONGRESS CONTROL NUMBER | |
| LC control number | 2011534319 |
| 020 ## - INTERNATIONAL STANDARD BOOK NUMBER | |
| International Standard Book Number | 9781608192700 |
| 040 ## - CATALOGING SOURCE | |
| Original cataloging agency | DLC |
| Transcribing agency | DLC |
| 042 ## - AUTHENTICATION CODE | |
| Authentication code | pcc |
| 050 00 - LIBRARY OF CONGRESS CALL NUMBER | |
| Classification number | HV6432 |
| Item number | .S767 2011b |
| 082 04 - DEWEY DECIMAL CLASSIFICATION NUMBER | |
| Classification number | 909.831 |
| Edition number | 22 |
| 100 1# - MAIN ENTRY--PERSONAL NAME | |
| Personal name | Streatfeild, Dominic. |
| 245 12 - TITLE STATEMENT | |
| Title | A history of the world since 9/11 / |
| Statement of responsibility, etc. | Dominic Streatfeild. |
| 260 ## - PUBLICATION, DISTRIBUTION, ETC. | |
| Place of publication, distribution, etc. | New York : |
| Name of publisher, distributor, etc. | Bloomsbury Press, |
| Date of publication, distribution, etc. | 2011. |
| 300 ## - PHYSICAL DESCRIPTION | |
| Extent | 408 p. ; |
| Dimensions | 24 cm. |
| 500 ## - GENERAL NOTE | |
| General note | "First published in Great Britain by Atlantic Books in 2001; first published in the United States by Bloomsbury Press in 2011"--T.p. verso. |
| 504 ## - BIBLIOGRAPHY, ETC. NOTE | |
| Bibliography, etc. note | Includes bibliographical references (p. [345]-354) and index. |
| 650 #0 - SUBJECT ADDED ENTRY--TOPICAL TERM | |
| Topical term or geographic name entry element | War on Terrorism, 2001-2009. |
| 650 #0 - SUBJECT ADDED ENTRY--TOPICAL TERM | |
| Topical term or geographic name entry element | History, Modern |
| Chronological subdivision | 21st century. |
| 906 ## - LOCAL DATA ELEMENT F, LDF (RLIN) | |
| a | 7 |
| b | ibc |
| c | orignew |
| d | 2 |
| e | ncip |
| f | 20 |
| g | y-gencatlg |
| 942 ## - ADDED ENTRY ELEMENTS (KOHA) | |
| Source of classification or shelving scheme | |
| Koha item type | Book |
| Withdrawn status | Lost status | Damaged status | Not for loan | Collection code | Permanent Location | Current Location | Shelving location | Date acquired | Total Checkouts | Full call number | Barcode | Date last seen | Price effective from | Koha item type |
|---|---|---|---|---|---|---|---|---|---|---|---|---|---|---|
| Centre for International Peace & Stability (CIPS) | Centre for International Peace & Stability (CIPS) | General Stacks | 10/01/2013 | 909.831 STR 2011 | CIPS0001129 | 10/25/2013 | 10/25/2013 | Book |
